| 000 | 00466nam a2200181 a 4500 | ||
|---|---|---|---|
| 001 | 5915 | ||
| 003 | CO-ViMGA | ||
| 008 | 141112s2004 ck r 000 u spa d | ||
| 040 |
_aCO-ViMGA _bspa _cCO-ViMGA |
||
| 082 | 0 | 4 | _a923.1 W174a |
| 100 | 1 |
_aAlden, John R _94516 |
|
| 245 | 1 | 0 | _aGeorge Washington |
| 260 |
_aBarcelona : _bJuventud, _c1986 |
||
| 300 | _a314 p | ||
| 490 | _aGrandes biografĂas | ||
| 650 | 1 | 4 |
_aWASHINGTON, GEORGE 1732 - 1799 _94517 |
| 942 |
_2ddc _cBK |
||
| 999 |
_c17891 _d17891 |
||